000 00550nam a2200229Ia 4500
003 0100
008 130303s9999 xx 000 0 und d
040 _cARRUPELIB
050 _aB2430.M3764M376 2006
100 _aMatthews, Eric
245 _aMerleau-Ponty
245 _ba guide for the perplexed
260 _aLondon
260 _bContinuum
260 _C2006
300 _avii
300 _b 160p. 22cm.
650 _bHawthorne, Nathaniel
650 _cCreation (Literary)
650 _dCreativity in literature
942 _2lcc
_01
999 _c62180
_d62180